000 00483nam a2200181Ia 4500
008 090124s9999 xx 000 0 und d
082 _b18497
100 _aगाडगीळ बाळ
245 _a फिरकी
250 _a1
260 _bमेनका प्रकाशन
_c1975
300 _a147
600 _aगाडगीळ बाळ
630 _a फिरकी
700 _aगाडगीळ बाळ
730 _a फिरकी
942 _cBOOK
999 _c89554
_d89554